Bibliography of Australia /

Guardat en:
Dades bibliogràfiques
Autor principal: Ferguson, John Alexander, 1881-1969
Format: Llibre
Idioma:English
Publicat: Sydney : Angus and Robertson, 1941-1969.
Matèries:
LEADER 00912nam a2200241 a 4500
001 c000339854
003 CARM
005 20010407195815.0
008 830620m19411969xnaach b 001 0 eng d
019 1 |a 2501485 
040 |a NSL:R  |b eng  |c NSL:R  |d NSL:R 
043 |a u-at--- 
082 0 4 |a 016/.994  |2 19 
082 0 4 |a 016/.994  |2 19 
100 1 |a Ferguson, John Alexander,  |d 1881-1969. 
245 1 0 |a Bibliography of Australia /  |c by John Alexander Ferguson. 
260 |a Sydney :  |b Angus and Robertson,  |c 1941-1969. 
300 |a 7 v. :  |b ill., facsims., ports. ;  |c 25 cm. 
500 |a Vol. 1. limited to 500 copies. 
505 0 |a v. 1. 1784-1830 -- v. 2. 1831-1838 -- v. 3. 1839-1845 -- v. 4. 1846-1850 -- v. 5. 1851-1900 A-G --v. 6. 1851-1900 H-P -- v. 7. 1851-1900 Q-Z. 
610 1 0 |a Australia  |x Bibliography. 
651 0 |a Australia  |x Imprints. 
999 f f |i 4e68be01-fffd-5fe4-ac0f-6fe19e5f8844  |s f358fb80-2138-5bfe-ab9b-c3da2c948c6b